| 000 | 00658nam a2200205 a 4500 | ||
|---|---|---|---|
| 001 | 5010 | ||
| 003 | CDMR | ||
| 005 | 20131212120106.0 | ||
| 008 | 130130s1972||||||||||||||||||||||||||||d | ||
| 040 |
_aCDMR _bcat _cCDMR |
||
| 245 | 3 |
_aLa comunicación colectiva y el desarrollo cultural _cDaniel Lerner... [et al.] |
|
| 260 |
_aQuito _c1972 _bCIESPAL |
||
| 300 |
_a71 p. _c26 cm |
||
| 490 | 0 |
_aCIESPAL _v60 |
|
| 650 | 0 | 4 |
_93211 _aComunicació i cultura |
| 650 | 0 | 4 |
_92757 _aMitjans de comunicació de massa _xAspectes socials |
| 650 | 0 | 4 |
_94427 _aMitjans de comunicació de massa en el desenvolupament comunitari |
| 700 | 1 |
_94005 _aLerner, Daniel |
|
| 942 |
_cMON _2udc |
||
| 999 |
_c5010 _d5010 |
||